000 00329nam a2200145Ia 4500
100 _aMcCabe/W.L/ Smith /J.C.
650 _aChemistry
942 _cBK
654 _aChemical Engg.
245 _aUnit Operations of Chemical Engg.
260 _bMcGraw Hill
_aNew York
_c1976
300 _a1028
546 _aENGLISH
999 _c28748
_d28748